000 00399nam a22001697a 4500
005 20160622095416.0
008 160622b xxu||||| |||| 00| 0 eng d
020 _a0-7494-1064-7
041 _aeng
082 _b8857
100 _aArmistand colen
_92436
245 _aThe Future of Services management
260 _bKogan pages
_c1994
300 _a227
650 _aManagement
_9241
942 _cBK
999 _c3454
_d3453